Statistics for Страны Европы

Click here to take the quiz!

General Stats

  • This quiz has been taken 98 564 times
  • The average score is 37 of 45

Answers on the Map

Answers color-coded by a green-red scale on the quiz's map according to % correct below.
 

Answer Stats

Страна% Correct
Украина
98%
Франция
97%
Россия
97%
Германия
97%
Польша
96%
Италия
96%
Беларусь
95%
Швеция
94%
Испания
94%
Литва
92%
Латвия
92%
Норвегия
91%
Швейцария
91%
Велико-британия
91%
Финляндия
90%
Португалия
89%
Эстония
88%
Греция
87%
Чехия
87%
Словакия
87%
Молдавия
86%
Ирландия
86%
Дания
86%
Румыния
86%
Бельгия
82%
Австрия
82%
Нидерланды
81%
Исландия
80%
Словения
79%
Сербия
79%
Болгария
79%
Люксембург
77%
Венгрия
77%
Хорватия
77%
Ватикан
74%
Албания
72%
Босния и
Герцеговина
71%
Черногория
67%
Монако
67%
Северная
Македония
67%
Лихтенштейн
66%
Косово
66%
Андорра
63%
Сан-Марино
62%
Мальта
56%

Score Distribution

Percentile by Number Answered

Percent of People with Each Score

Your Score History

You have not taken this quiz